UM Logo

McDougall littell science: (Record no. 647)

MARC details
000 -LEADER
fixed length control field 00580nam a22001817a 4500
003 - CONTROL NUMBER IDENTIFIER
control field OSt
005 - DATE AND TIME OF LATEST TRANSACTION
control field 20160620112305.0
008 - FIXED-LENGTH DATA ELEMENTS--GENERAL INFORMATION
fixed length control field 160114b xxu||||| |||| 00| 0 eng d
020 ## - INTERNATIONAL STANDARD BOOK NUMBER
International Standard Book Number 9780618406456
040 ## - CATALOGING SOURCE
Transcribing agency LIC
082 ## - DEWEY DECIMAL CLASSIFICATION NUMBER
Edition number [2007]
Classification number DK12 507
Item number Un58
245 ## - TITLE STATEMENT
Title McDougall littell science:
Remainder of title matter and energy: unit assessment book.
260 ## - PUBLICATION, DISTRIBUTION, ETC. (IMPRINT)
Place of publication, distribution, etc. Evanston, Illinois:
Name of publisher, distributor, etc. McDougal Littell,
Date of publication, distribution, etc. [c2007]
300 ## - PHYSICAL DESCRIPTION
Extent vi, 109 pages:
Other physical details illustrations;
Dimensions 28 cm.
440 ## - SERIES STATEMENT/ADDED ENTRY--TITLE
9 (RLIN) 1719
Title McDougal Littell Science
650 #0 - SUBJECT ADDED ENTRY--TOPICAL TERM
9 (RLIN) 1720
Topical term or geographic name as entry element Science
General subdivision Study and teaching (Middle school)
942 ## - ADDED ENTRY ELEMENTS (KOHA)
Source of classification or shelving scheme Dewey Decimal Classification
Koha item type Books
Holdings
Withdrawn status Lost status Source of classification or shelving scheme Damaged status Not for loan Collection code Home library Current library Date acquired Source of acquisition Total Checkouts Full call number Barcode Date last seen Copy number Price effective from Koha item type
    Dewey Decimal Classification     K-12 UM Digos College - LIC UM Digos College - LIC 08/12/2015 Purchased   DK12 507 Un58 [2007] 22938 05/15/2025 1 01/14/2016 Books